[Event "European Youth Chess Championship B12"]
[Site "Prague, Top Hotel Prague"]
[Date "2012.08.18"]
[Round "2.11"]
[White "Djurhuus, Eivind X"]
[Black "Abramov, Nikita"]
[Result "1/2-1/2"]
[WhiteElo "1818"]
[BlackElo "1970"]
[PlyCount "81"]
[EventDate "2012.08.17"]

1. e4 e6 2. d4 d5 3. Nc3 Bb4 4. e5 Ne7 5. Bd2 Bxc3 6. Bxc3 b6 7. f4 Ba6 8. Bxa6
Nxa6 9. Qd3 Qc8 10. Nf3 c5 11. O-O h6 12. Bd2 c4 13. Qe2 Qd7 14. Nh4 Nf5 15.
Nxf5 exf5 16. Rae1 Nc7 17. Bb4 Ne6 18. c3 O-O-O 19. b3 cxb3 20. axb3 Kb7 21.
Ra1 b5 22. Ra5 a6 23. c4 Nxd4 24. Qe3 dxc4 25. bxc4 Nc6 26. cxb5 Nxb4 27. bxa6+
Ka8 28. Qf3+ Ka7 29. Rb1 Qd4+ 30. Kh1 Rb8 31. Rd1 Nd3 32. Rd5 Nf2+ 33. Kg1
Qxd1+ 34. Rxd1 Nxd1 35. Qxd1 Rhd8 36. Qf3 Rb6 37. Qc3 Kxa6 38. Qc4+ Rb5 39.
Qc6+ Rb6 40. Qc4+ Rb5 41. Qc6+ 1/2-1/2

[Event "European Youth Chess Championship B12"]
[Site "Prague, Top Hotel Prague"]
[Date "2012.08.18"]
[Round "2.12"]
[White "Lukiyanchuk, Vladislav"]
[Black "Tuncer, Tuna"]
[Result "1-0"]
[WhiteElo "1968"]
[BlackElo "1791"]
[PlyCount "53"]
[EventDate "2012.08.17"]

1. d4 Nf6 2. Nf3 e6 3. e3 c5 4. Nbd2 b6 5. Bd3 Bb7 6. O-O Be7 7. b3 O-O 8. Bb2
d6 9. c4 Nbd7 10. Qe2 Qc7 11. e4 e5 12. d5 Nh5 13. g3 g6 14. Ne1 Bf6 15. f4
Rae8 16. f5 Bg5 17. Ng2 Bc8 18. Qd1 Ndf6 19. Bc2 a6 20. Bc3 Bh6 21. g4 Nf4 22.
Nxf4 Bxf4 23. Rxf4 exf4 24. Bxf6 h6 25. Qf3 gxf5 26. Qh3 Kh7 27. g5 1-0

[Event "European Youth Chess Championship B12"]
[Site "Prague, Top Hotel Prague"]
[Date "2012.08.18"]
[Round "2.13"]
[White "Danek, Daniel"]
[Black "Vykouk, Jan"]
[Result "1-0"]
[WhiteElo "1815"]
[BlackElo "1966"]
[PlyCount "26"]
[EventDate "2012.08.17"]

1. d4 Nf6 2. Nf3 g6 3. c4 Bg7 4. Nc3 O-O 5. Bg5 d6 6. e3 Nbd7 7. Be2 c6 8. O-O
h6 9. Bh4 g5 10. Bg3 Nh5 11. Nd2 Nxg3 12. hxg3 e5 13. dxe5 dxe5 {unrd} 1-0

[Event "European Youth Chess Championship B12"]
[Site "Prague, Top Hotel Prague"]
[Date "2012.08.18"]
[Round "2.14"]
[White "Van Foreest, Lucas"]
[Black "Shakhov, Mykhail"]
[Result "0-1"]
[WhiteElo "1962"]
[BlackElo "1781"]
[PlyCount "108"]
[EventDate "2012.08.17"]

1. c4 Nf6 2. Nc3 d5 3. d4 g6 4. cxd5 Nxd5 5. e4 Nxc3 6. bxc3 Bg7 7. Nf3 c5 8.
Be3 O-O 9. Be2 Nc6 10. O-O cxd4 11. cxd4 Bg4 12. d5 Ne5 13. Nxe5 Bxe2 14. Qxe2
Bxe5 15. Rab1 b6 16. Rfc1 Qd7 17. Rc6 Rfc8 18. Rbc1 Rxc6 19. dxc6 Qd6 20. g3
Rc8 21. Qc4 h5 22. f4 Bb2 23. Rc2 Ba3 24. Rd2 Qb4 25. Qd5 Bc1 26. Re2 Bxe3+ 27.
Rxe3 Qb1+ 28. Kf2 Qc2+ 29. Re2 Qxc6 30. Qxc6 Rxc6 31. Ke3 Kf8 32. Kd4 Ke8 33.
h4 Kd7 34. Re3 Rc2 35. Ra3 a5 36. Ke3 Rc5 37. Kd4 Kc6 38. Rb3 b5 39. a3 Rc4+
40. Kd3 Kc5 41. Rb2 b4 42. axb4+ axb4 43. Ra2 Rc3+ 44. Kd2 Rxg3 45. Ra7 Rf3 46.
Rxe7 Rxf4 47. Ke3 Rf1 48. Rc7+ Kb5 49. Kd4 Ka4 50. Ra7+ Kb3 51. Kd3 Kb2 52. Ra6
b3 53. Ke2 Ra1 54. Rc6 Ra7 0-1

[Event "European Youth Chess Championship B12"]
[Site "Prague, Top Hotel Prague"]
[Date "2012.08.18"]
[Round "2.15"]
[White "Poleg, Dan"]
[Black "Haug, Johannes"]
[Result "0-1"]
[WhiteElo "1806"]
[BlackElo "1951"]
[PlyCount "80"]
[EventDate "2012.08.17"]

1. e4 c6 2. d4 d5 3. Nc3 dxe4 4. Nxe4 Nd7 5. Nf3 Ngf6 6. Nxf6+ Nxf6 7. Bc4 Bf5
8. O-O e6 9. Bg5 Be7 10. c3 O-O 11. Re1 Nd5 12. Bxe7 Qxe7 13. Bxd5 cxd5 14. Qb3
Qc7 15. Nd2 Rfc8 16. Nf1 Rab8 17. Ne3 Bg6 18. a4 a6 19. Rec1 b5 20. axb5 Rxb5
21. Qd1 Rxb2 22. Rxa6 Qf4 23. Qe1 Bd3 24. Raa1 h5 25. Rd1 Bg6 26. Rd2 Rb3 27.
Nd1 h4 28. h3 Qg5 29. Qe3 Qxe3 30. fxe3 Bh5 31. Rc1 Bxd1 32. Rdxd1 Rbxc3 33.
Rxc3 Rxc3 34. Kf2 g5 35. Ra1 Kg7 36. Ra7 Kg6 37. Rd7 Rc2+ 38. Kf3 Rd2 39. g3
Ra2 40. Kg4 Rb2 0-1

[Event "European Youth Chess Championship B12"]
[Site "Prague, Top Hotel Prague"]
[Date "2012.08.18"]
[Round "2.16"]
[White "Kazakovskiy, Valeriy"]
[Black "Ozer, Omer Faruk"]
[Result "0-1"]
[WhiteElo "1951"]
[BlackElo "1755"]
[PlyCount "64"]
[EventDate "2012.08.17"]

1. d4 d5 2. c4 c6 3. Nf3 Nf6 4. Qc2 e6 5. e3 Nbd7 6. Nc3 Bd6 7. Bd3 dxc4 8.
Bxc4 b5 9. Bd3 Bb7 10. O-O a6 11. b3 c5 12. Ne4 Bxe4 13. Bxe4 Ra7 14. dxc5 Nxc5
15. Bc6+ Ke7 16. Ba3 Qb6 17. Rac1 b4 18. Bb2 Qxc6 19. Rfd1 Rc8 20. Rd4 Rac7 21.
Rc4 Qb7 22. Bxf6+ gxf6 23. Qxh7 Ne4 24. Nh4 f5 25. Qg7 Ke8 26. Qg8+ Bf8 27. Ng6
fxg6 28. Qxe6+ Kd8 29. Qxg6 Rxc4 30. bxc4 Qd7 31. Qb6+ Rc7 32. Qb8+ Qc8 0-1

[Event "European Youth Chess Championship B12"]
[Site "Prague, Top Hotel Prague"]
[Date "2012.08.18"]
[Round "2.17"]
[White "Temizkan, Denizcan"]
[Black "Ovsepyan, Arshak"]
[Result "1/2-1/2"]
[WhiteElo "1794"]
[BlackElo "1951"]
[PlyCount "102"]
[EventDate "2012.08.17"]

1. d4 d5 2. c4 e6 3. Nc3 Nf6 4. Bg5 Be7 5. e3 O-O 6. Nf3 b6 7. Bd3 Bb7 8. O-O
Nbd7 9. cxd5 exd5 10. Rc1 h6 11. Bh4 c5 12. Qe2 Ne4 13. Bxe7 Qxe7 14. Rfd1 Rad8
15. Ba6 Ndf6 16. Bxb7 Qxb7 17. Ne5 c4 18. f3 Nxc3 19. bxc3 b5 20. Rb1 a5 21. a3
Rd6 22. Rb2 Rb6 23. Rdb1 Rb8 24. Qe1 Qe7 25. a4 Qe8 26. h4 R8b7 27. e4 Qb8 28.
axb5 Rxb5 29. Nc6 Rxb2 30. Rxb2 Qc7 31. Rxb7 Qxb7 32. exd5 Qd7 33. Qe2 Nxd5 34.
Qxc4 Qe6 35. Ne5 f6 36. Nd3 Kh7 37. Kh2 Qf5 38. Qb5 a4 39. Nb4 Qf4+ 40. g3 Qd2+
41. Kh3 Nxb4 42. Qf5+ Kg8 43. Qc8+ Kf7 44. Qd7+ Kf8 45. Qd6+ Ke8 46. Qe6+ Kf8
47. Qd6+ Kf7 48. Qd7+ Kg6 49. h5+ Kh7 50. Qf5+ Kg8 51. Qc8+ Kh7 1/2-1/2

[Event "European Youth Chess Championship B12"]
[Site "Prague, Top Hotel Prague"]
[Date "2012.08.18"]
[Round "2.18"]
[White "Deac, Bogdan-Daniel"]
[Black "Aykol, Can"]
[Result "1-0"]
[WhiteElo "1939"]
[BlackElo "1722"]
[PlyCount "26"]
[EventDate "2012.08.17"]

1. d4 Nf6 2. c4 g6 3. g3 Bg7 4. Bg2 O-O 5. Nf3 d6 6. Nc3 Nbd7 7. O-O Ne8 8. e4
e5 9. h3 exd4 10. Nxd4 Nc5 11. Re1 a5 12. f3 Be5 13. Bf1 Be6 {unrd} 1-0

[Event "European Youth Chess Championship B12"]
[Site "Prague, Top Hotel Prague"]
[Date "2012.08.18"]
[Round "2.19"]
[White "Zamar Kodelja, Jurij"]
[Black "Trubchaninov, Timur"]
[Result "1/2-1/2"]
[WhiteElo "1778"]
[BlackElo "1937"]
[PlyCount "88"]
[EventDate "2012.08.17"]

1. e4 c5 2. Nc3 Nc6 3. f4 e6 4. Nf3 d5 5. Bb5 a6 6. Bxc6+ bxc6 7. e5 Ne7 8. d3
Nf5 9. a4 a5 10. O-O h5 11. Ne2 g6 12. c4 Ba6 13. b3 Be7 14. Ng3 Nh6 15. Re1
Qb6 16. Qc2 Rb8 17. Rb1 h4 18. Ne2 Nf5 19. Bd2 Ra8 20. Rec1 O-O 21. Qd1 Rfd8
22. Qe1 Bb7 23. g4 hxg3 24. Nxg3 Bh4 25. Nxh4 Nxh4 26. Qf2 Qc7 27. Be3 dxc4 28.
dxc4 Rd3 29. Ne4 Nf5 30. Bxc5 Kg7 31. Rc3 Rad8 32. Rxd3 Rxd3 33. Nd6 Qd7 34.
Qe2 Rh3 35. b4 Nxd6 36. exd6 Rh5 37. Bd4+ Kh7 38. c5 e5 39. Bxe5 axb4 40. Rxb4
Ba6 41. Rb8 Rxe5 42. Qxe5 Qg4+ 43. Kf2 Qh4+ 44. Kg2 Qg4+ 1/2-1/2

[Event "European Youth Chess Championship B12"]
[Site "Prague, Top Hotel Prague"]
[Date "2012.08.18"]
[Round "2.20"]
[White "Ioannidis, Evgenios"]
[Black "Sazci, Bilgen"]
[Result "1-0"]
[WhiteElo "1936"]
[BlackElo "1680"]
[PlyCount "59"]
[EventDate "2012.08.17"]

1. e4 c5 2. Nf3 d6 3. d4 cxd4 4. Nxd4 Nf6 5. Nc3 a6 6. Be3 e5 7. Nb3 Be7 8. f3
Be6 9. Qd2 Nbd7 10. g4 h6 11. O-O-O b5 12. Kb1 Nb6 13. Na5 Qc7 14. Bxb6 Qxb6
15. Nd5 Nxd5 16. exd5 Bd7 17. Bd3 Bg5 18. Qb4 Bd8 19. Nc6 Bxc6 20. dxc6 Be7 21.
Qe1 Rb8 22. Be4 O-O 23. h4 a5 24. Bd5 Qd8 25. g5 hxg5 26. hxg5 Bxg5 27. Qe4 Re8
28. Qh7+ Kf8 29. Qh8+ Ke7 30. Qxg7 1-0

[Event "European Youth Chess Championship B12"]
[Site "Prague, Top Hotel Prague"]
[Date "2012.08.18"]
[Round "2.21"]
[White "Cannesar, Rad"]
[Black "Bilan, Danila"]
[Result "1-0"]
[WhiteElo "1754"]
[BlackElo "1926"]
[PlyCount "83"]
[EventDate "2012.08.17"]

1. e4 c5 2. Nf3 a6 3. c3 d5 4. exd5 Qxd5 5. d4 Nf6 6. Be2 Bg4 7. O-O e6 8. Be3
cxd4 9. cxd4 Nc6 10. Nc3 Qd8 11. Qb3 Bd6 12. Rad1 O-O 13. h3 Bf5 14. Bd3 Bxd3
15. Rxd3 Qc7 16. Rc1 Rfd8 17. d5 Na5 18. Qd1 Nc4 19. Na4 Nxe3 20. fxe3 Qe7 21.
dxe6 fxe6 22. Nb6 Rab8 23. Nc4 Bc5 24. Nd4 Rd5 25. Qb3 Ne4 26. Nc6 Qh4 27. Rxd5
Qf2+ 28. Kh1 Qg3 29. Rf5 bxc6 30. Nb6 Qg6 31. Rfxc5 Rf8 32. Re5 Re8 33. Qc2
Ng3+ 34. Kh2 Nf5 35. Rxf5 exf5 36. Qxc6 Qh5 37. Qd5+ Kh8 38. Rf1 h6 39. Qxf5
Qe2 40. Nd7 Qxe3 41. Qg6 a5 42. Qxe8+ 1-0

[Event "European Youth Chess Championship B12"]
[Site "Prague, Top Hotel Prague"]
[Date "2012.08.18"]
[Round "2.22"]
[White "Kyrychenko, Mykola"]
[Black "Goltsev, Dmitry"]
[Result "0-1"]
[WhiteElo "1742"]
[BlackElo "1916"]
[PlyCount "102"]
[EventDate "2012.08.17"]

1. e4 c5 2. Nf3 e6 3. d4 cxd4 4. Nxd4 a6 5. Nc3 Qc7 6. Be3 Bb4 7. Qd2 Nf6 8. f3
d5 9. Bd3 e5 10. exd5 exd4 11. Bxd4 Qe7+ 12. Kf2 O-O 13. Bc4 Bc5 14. Rhe1 Bxd4+
15. Qxd4 Qd6 16. g3 b5 17. Bb3 Nbd7 18. a4 b4 19. Ne4 Nxe4+ 20. fxe4 Qc5 21.
Rad1 Bb7 22. c4 Qxd4+ 23. Rxd4 Nc5 24. Bd1 f6 25. b3 Rfe8 26. Bc2 Rad8 27. Rd2
Re5 28. Rde2 Kf7 29. Re3 Ke7 30. Kf3 Kd6 31. h4 a5 32. g4 Bc8 33. Kg3 Rde8 34.
Kf4 Nd7 35. Bd1 Rf8 36. Kg3 Nc5 37. Bc2 h5 38. gxh5 Rxh5 39. Bd1 Re5 40. Bc2
Rh8 41. Rh1 g5 42. h5 f5 43. Ree1 Nxe4+ 44. Bxe4 Rxe4 45. Rxe4 fxe4 46. h6 Ke5
47. h7 Bf5 48. Rh6 Rxh7 49. Ra6 Rh3+ 50. Kf2 e3+ 51. Ke1 Bg4 0-1

[Event "European Youth Chess Championship B12"]
[Site "Prague, Top Hotel Prague"]
[Date "2012.08.18"]
[Round "2.23"]
[White "Drori, Saar"]
[Black "Lojek, Marek"]
[Result "1-0"]
[WhiteElo "1905"]
[BlackElo "1644"]
[PlyCount "38"]
[EventDate "2012.08.17"]

1. e4 e5 2. Nf3 Nc6 3. Bb5 a6 4. Ba4 Nf6 5. O-O Be7 6. Re1 b5 7. Bb3 d6 8. c3
Na5 9. Bc2 c5 10. d4 Qc7 11. d5 O-O 12. Nbd2 Bd8 13. b3 Qe7 14. Nf1 h6 15. Ng3
Bb6 16. Nh4 Ng4 17. Ngf5 Qd7 18. Qd3 Kh7 19. Qg3 Rg8 {unrd} 1-0

[Event "European Youth Chess Championship B12"]
[Site "Prague, Top Hotel Prague"]
[Date "2012.08.18"]
[Round "2.24"]
[White "Ozcan, Bora"]
[Black "Merkesvik, Sondre"]
[Result "1-0"]
[WhiteElo "1681"]
[BlackElo "1902"]
[PlyCount "93"]
[EventDate "2012.08.17"]

1. d4 Nf6 2. c4 g6 3. g3 Bg7 4. Bg2 O-O 5. Nc3 c5 6. d5 d6 7. Nf3 e6 8. O-O Re8
9. Nd2 exd5 10. cxd5 Nbd7 11. h3 b6 12. Nc4 Ne5 13. Nxe5 Rxe5 14. Bf4 Re8 15.
Re1 Nh5 16. Bd2 Rb8 17. a4 a6 18. g4 Nf6 19. e4 b5 20. axb5 axb5 21. Qc2 Nd7
22. f4 b4 23. Nd1 Bb7 24. g5 Ra8 25. Ne3 Nb6 26. Ng4 Bc8 27. Rxa8 Nxa8 28. Ne3
Bd4 29. Kh1 Nb6 30. b3 Ba6 31. Ng4 Bc8 32. Nh6+ Kg7 33. Qd3 f6 34. Rf1 fxg5 35.
fxg5 Rf8 36. Bxb4 Rxf1+ 37. Qxf1 Qxg5 38. Ba5 Qxh6 39. Bxb6 Qg5 40. b4 Qe3 41.
bxc5 Bxc5 42. Bxc5 Qxc5 43. Qa1+ Kh6 44. Qf6 Qc7 45. h4 Qc5 46. Qf8+ Kh5 47.
Qf4 1-0

[Event "European Youth Chess Championship B12"]
[Site "Prague, Top Hotel Prague"]
[Date "2012.08.18"]
[Round "2.25"]
[White "Petrov, Martin"]
[Black "Stoliarenko, Ivan"]
[Result "1-0"]
[WhiteElo "1901"]
[BlackElo "1641"]
[PlyCount "107"]
[EventDate "2012.08.17"]

1. e4 c5 2. Nf3 d6 3. d4 cxd4 4. Nxd4 Nf6 5. Nc3 Nc6 6. Bg5 Bd7 7. Qd2 Nxd4 8.
Qxd4 Qa5 9. f4 h6 10. Bxf6 gxf6 11. Bc4 Rc8 12. O-O-O Qc5 13. Bb3 Qxd4 14. Rxd4
Rg8 15. g3 Bc6 16. Rf1 e6 17. f5 e5 18. Rd3 Be7 19. Bd5 Rg4 20. Re1 h5 21. h3
Rg8 22. b3 a5 23. a4 Bxd5 24. Nxd5 Rc6 25. c4 Kd7 26. Red1 Rb8 27. Kd2 h4 28.
Ke2 Rg8 29. Kf2 hxg3+ 30. Rxg3 Rxg3 31. Kxg3 Ke8 32. Kh4 Rc8 33. Kh5 Rd8 34.
Kh6 Kd7 35. Nxe7 Kxe7 36. Kg7 Rc8 37. Rd5 Kd7 38. h4 Kc6 39. h5 Kd7 40. h6 Rc6
41. h7 Rc8 42. h8=Q Rxh8 43. Kxh8 Kc6 44. Kg7 Kd7 45. Kxf7 Kd8 46. Rxd6+ Kc7
47. c5 Kc8 48. Kxf6 Kc7 49. Ke7 b6 50. Rxb6 Kc8 51. f6 Kc7 52. f7 Kc8 53. f8=Q+
Kc7 54. Qd8# 1-0

[Event "European Youth Chess Championship B12"]
[Site "Prague, Top Hotel Prague"]
[Date "2012.08.18"]
[Round "2.26"]
[White "Danis, Hrisovalantis"]
[Black "Kevlishvili, Robby"]
[Result "1-0"]
[WhiteElo "1629"]
[BlackElo "1898"]
[PlyCount "155"]
[EventDate "2012.08.17"]

1. d4 Nf6 2. c4 g6 3. Nc3 d5 4. cxd5 Nxd5 5. e4 Nxc3 6. bxc3 Bg7 7. Qa4+ Bd7 8.
Qa3 O-O 9. Bg5 Re8 10. Nf3 b6 11. Bd3 Bc6 12. O-O Nd7 13. Rfe1 Bb7 14. Bc4 Qc8
15. Bxe7 c5 16. Bg5 cxd4 17. Qb3 Nc5 18. Bxf7+ Kf8 19. Qc4 b5 20. Qxb5 Kxf7 21.
cxd4 Nxe4 22. Rac1 Ba6 23. Rxc8 Bxb5 24. Rxa8 Rxa8 25. Rxe4 Bc4 26. a3 Bd5 27.
Ne5+ Kg8 28. Re3 Rb8 29. h3 Rb1+ 30. Kh2 Rb2 31. Kg3 Bf8 32. Bf4 Ra2 33. Nd7
Kf7 34. Nxf8 Kxf8 35. Bd6+ Kf7 36. Re7+ Kf6 37. Rxa7 h5 38. h4 Rd2 39. Be5+ Kf5
40. f3 Bc4 41. Ra5 Ke6 42. Bf4 Rxd4 43. Re5+ Kf6 44. Re4 Rxe4 45. fxe4 Ke6 46.
Bb8 Bb5 47. Kf4 Ba4 48. Kg5 Bc2 49. e5 Kf7 50. g4 hxg4 51. Kxg4 Ke6 52. Kg5 Kf7
53. Bd6 Bb3 54. Kf4 Ke6 55. Ke4 Kd7 56. Kd4 Kc6 57. Kc3 Be6 58. Kb4 Kb6 59. a4
Bc8 60. a5+ Kc6 61. Kc4 Be6+ 62. Kd4 Bc8 63. Ke4 Bf5+ 64. Kf4 Kd5 65. Kg5 Ke6
66. a6 Be4 67. a7 Kf7 68. Kf4 Bb7 69. Ke3 Ke6 70. Kd4 Kd7 71. Kc5 Ba8 72. Kb6
Be4 73. Bc5 Bf3 74. Be3 Be4 75. Bg5 Bf3 76. e6+ Kxe6 77. Kc7 Bg2 78. Kb8 1-0

[Event "European Youth Chess Championship B12"]
[Site "Prague, Top Hotel Prague"]
[Date "2012.08.18"]
[Round "2.27"]
[White "Grela, Kacper"]
[Black "Chlebek, Jan"]
[Result "1-0"]
[WhiteElo "1894"]
[BlackElo "1557"]
[PlyCount "69"]
[EventDate "2012.08.17"]

1. e4 c5 2. Nf3 d6 3. d4 cxd4 4. Nxd4 Nf6 5. Nc3 g6 6. Bc4 Bg7 7. Bb3 Nc6 8.
O-O Bd7 9. Re1 O-O 10. h3 Rc8 11. Be3 Na5 12. Qd3 Nxb3 13. axb3 a6 14. Nd5 Nxd5
15. exd5 e6 16. dxe6 fxe6 17. c4 Kh8 18. Rad1 e5 19. Ne2 Rc6 20. c5 Re8 21. Nc3
Bf5 22. Qd2 Be6 23. Bg5 Qd7 24. b4 Bb3 25. Rc1 d5 26. Ne4 Qc7 27. Nd6 Re6 28.
Rc3 Bc4 29. b3 Bb5 30. Qxd5 Rcxd6 31. cxd6 Qxc3 32. Rc1 Qxc1+ 33. Bxc1 Re8 34.
Bg5 Bc6 35. d7 1-0

[Event "European Youth Chess Championship B12"]
[Site "Prague, Top Hotel Prague"]
[Date "2012.08.18"]
[Round "2.35"]
[White "Heimisson, Hilmir Freyr"]
[Black "Theodorou, Nikolas"]
[Result "0-1"]
[WhiteElo "1720"]
[BlackElo "2129"]
[PlyCount "44"]
[EventDate "2012.08.17"]

1. d4 e6 2. c4 Bb4+ 3. Bd2 Bxd2+ 4. Nxd2 d6 5. Ngf3 Qe7 6. e3 Nf6 7. Bd3 e5 8.
dxe5 dxe5 9. Qc2 Nc6 10. a3 Bd7 11. h3 O-O 12. g4 g6 13. O-O-O a6 14. Rdg1 Rab8
15. Ne4 b5 16. g5 Nxe4 17. Bxe4 b4 18. Nd2 bxa3 19. bxa3 Qxa3+ 20. Kd1 Nd4 21.
Qd3 Ba4+ 22. Ke1 Qc1# 0-1

[Event "European Youth Chess Championship B12"]
[Site "Prague, Top Hotel Prague"]
[Date "2012.08.18"]
[Round "2.36"]
[White "Sorokin, Aleksey"]
[Black "Ozbulur, Kerim Uygar"]
[Result "1-0"]
[WhiteElo "2110"]
[BlackElo "1444"]
[PlyCount "75"]
[EventDate "2012.08.17"]

1. e4 g6 2. d4 Bg7 3. Nf3 c6 4. c4 d6 5. Nc3 Nf6 6. h3 O-O 7. Be2 Re8 8. Bg5
Nbd7 9. e5 dxe5 10. dxe5 Nh5 11. g4 Nxe5 12. Qxd8 Rxd8 13. Nxe5 Bxe5 14. gxh5
f6 15. Be3 g5 16. Rd1 Bf5 17. h4 gxh4 18. Rxh4 Kf7 19. c5 Rg8 20. Bc4+ e6 21.
Bf1 Ke7 22. Rb4 Rab8 23. f4 Bc7 24. Rbd4 e5 25. fxe5 Bxe5 26. R4d2 Rbe8 27. Ne2
Kf7 28. Kf2 Bg4 29. Re1 Bxh5 30. Nf4 Bxf4 31. Bxf4 Rxe1 32. Kxe1 Bg4 33. Bc4+
Be6 34. Rd7+ Ke8 35. Bxe6 h5 36. Bxg8 Kxd7 37. Bg3 Ke7 38. Ke2 1-0

[Event "European Youth Chess Championship B12"]
[Site "Prague, Top Hotel Prague"]
[Date "2012.08.18"]
[Round "2.37"]
[White "Akhundov, Shamshad"]
[Black "Grigorjev, Iljya"]
[Result "0-1"]
[WhiteElo "1741"]
[BlackElo "1980"]
[PlyCount "61"]
[EventDate "2012.08.17"]

1. e4 e5 2. Nf3 Nc6 3. Bc4 Bc5 4. c3 Nf6 5. d4 exd4 6. e5 d5 7. Bb5 Ne4 8. cxd4
Bb6 9. Bxc6+ bxc6 10. Qc2 c5 11. Nc3 Nxc3 12. bxc3 cxd4 13. cxd4 O-O 14. O-O
Bg4 15. Ng5 g6 16. Qc3 h6 17. Nf3 Bxf3 18. gxf3 Qh4 19. Bb2 Rab8 20. Qe3 Rfe8
21. f4 c5 22. Qg3 Qxg3+ 23. fxg3 cxd4 24. Rfd1 Rec8 25. Bxd4 Bxd4+ 26. Rxd4 Rc2
27. Rxd5 Rbb2 28. Rd8+ Kg7 29. Rd7 Rg2+ 30. Kh1 Rxh2+ 31. Kg1 0-1

[Event "European Youth Chess Championship B12"]
[Site "Prague, Top Hotel Prague"]
[Date "2012.08.18"]
[Round "2.38"]
[White "Anaskin, Arsenij"]
[Black "Haridas, Girinath"]
[Result "1-0"]
[WhiteElo "1861"]
[BlackElo "1739"]
[PlyCount "36"]
[EventDate "2012.08.17"]

1. e4 c5 2. Nf3 d6 3. Bb5+ Bd7 4. Bxd7+ Qxd7 5. O-O Nc6 6. c3 Nf6 7. Re1 g6 8.
d4 cxd4 9. cxd4 Bg7 10. Nc3 O-O 11. Be3 Rfc8 12. Qd2 a6 13. Na4 Qd8 14. d5 Nxe4
15. Qd1 Nb4 16. Nb6 Nxf2 17. Kxf2 Qe8 18. Re2 Qb5 1-0

[Event "European Youth Chess Championship B12"]
[Site "Prague, Top Hotel Prague"]
[Date "2012.08.18"]
[Round "2.43"]
[White "Elistratov, Semen"]
[Black "Havelka, Ondrej"]
[Result "1-0"]
[WhiteElo "1994"]
[BlackElo "1644"]
[PlyCount "91"]
[EventDate "2012.08.17"]

1. e4 e6 2. d4 d5 3. Nd2 c5 4. exd5 Qxd5 5. dxc5 Bxc5 6. Ngf3 Nf6 7. Bc4 Qd6 8.
O-O O-O 9. Qe2 b6 10. Nb3 Bb7 11. Bg5 Nbd7 12. Rad1 Qc7 13. Bb5 Bc6 14. Nfd4
Bxb5 15. Nxb5 Qc6 16. Nxc5 Qxc5 17. Bf4 Rfc8 18. Nd6 Rc6 19. Qf3 Rf8 20. b4 Qc3
21. Rd3 Qxc2 22. h3 Nd5 23. b5 Rc5 24. Bg3 Rc3 25. Rxc3 Qxc3 26. Qe2 Nc5 27.
Rd1 Qf6 28. Be5 Qe7 29. Bxg7 Qg5 30. Bxf8 Kxf8 31. Qf3 Ke7 32. Nc8+ Kd7 33.
Nxa7 f5 34. Nc6 h5 35. Nb4 Ne4 36. Nxd5 exd5 37. Rxd5+ Ke6 38. Rd1 h4 39. a4
Qe7 40. Qb3+ Kf6 41. a5 Qc5 42. Qb2+ Kg6 43. a6 Qc7 44. Ra1 Qa7 45. Qd4 Kh6 46.
Qd5 1-0

[Event "European Youth Chess Championship B12"]
[Site "Prague, Top Hotel Prague"]
[Date "2012.08.18"]
[Round "2.44"]
[White "Bukia, Koka"]
[Black "Barak, Gil"]
[Result "0-1"]
[WhiteElo "1643"]
[BlackElo "1961"]
[PlyCount "37"]
[EventDate "2012.08.17"]

1. c4 e6 2. Nc3 d5 3. cxd5 exd5 4. d4 c5 5. Nf3 Nc6 6. g3 Nf6 7. Bg2 Be7 8. O-O
c4 9. Ne5 O-O 10. Nxc6 bxc6 11. e4 dxe4 12. Nxe4 Bf5 13. Nc5 Nd5 14. Qf3 Bc8
15. Re1 Bf6 16. Ne4 Be7 17. Nc3 Nf6 18. Qe2 Bb4 19. Be3 {missed moves} 0-1

[Event "European Youth Chess Championship B12"]
[Site "Prague, Top Hotel Prague"]
[Date "2012.08.18"]
[Round "2.45"]
[White "Navrodskiy, Boris"]
[Black "Zhou, Yang-Jian"]
[Result "1-0"]
[WhiteElo "1953"]
[BlackElo "1617"]
[PlyCount "93"]
[EventDate "2012.08.17"]

1. d4 Nf6 2. c4 c5 3. d5 e5 4. Nc3 d6 5. e4 Nbd7 6. Bd3 Be7 7. Nge2 Nf8 8. O-O
Ng6 9. f3 Bd7 10. Be3 a6 11. a3 Rb8 12. b4 b6 13. Rb1 h5 14. bxc5 bxc5 15. Qc2
O-O 16. Rxb8 Qxb8 17. Rb1 Qc7 18. Qb2 h4 19. Qb6 Bd8 20. Qxa6 h3 21. g3 Nh7 22.
Nb5 Bxb5 23. cxb5 Bg5 24. Bf2 Rb8 25. b6 Qd8 26. Kh1 Ra8 27. Qb5 Rxa3 28. b7
Qb8 29. Bxc5 dxc5 30. Qxc5 Ra8 31. bxa8=Q Qxa8 32. d6 Nhf8 33. Ng1 Qa2 34. Nxh3
Qd2 35. Qc2 Qe3 36. Qe2 Qxe2 37. Bxe2 Be3 38. Bb5 Bc5 39. d7 Be7 40. Rc1 Ne6
41. Rc8+ Ngf8 42. Kg2 Nd4 43. Bc4 Nc2 44. Kf2 Bc5+ 45. Rxc5 Nxd7 46. Bxf7+ Kxf7
47. Rxc2 1-0

[Event "European Youth Chess Championship B12"]
[Site "Prague, Top Hotel Prague"]
[Date "2012.08.18"]
[Round "2.46"]
[White "Mohammad, Fahim"]
[Black "Pilch, David"]
[Result "1-0"]
[WhiteElo "1917"]
[BlackElo "1603"]
[PlyCount "47"]
[EventDate "2012.08.17"]

1. d4 d5 2. c4 e6 3. Nc3 Nf6 4. Bg5 Nbd7 5. e3 c6 6. a3 Qa5 7. b4 Qc7 8. Nf3
Be7 9. Rc1 O-O 10. Bd3 a6 11. O-O dxc4 12. Bxc4 h6 13. Bh4 Rd8 14. e4 Nb6 15.
Ba2 Nh7 16. Bg3 Bd6 17. e5 Be7 18. Qe2 Nd5 19. Nxd5 exd5 20. e6 Bd6 21. Bxd5
Bxg3 22. exf7+ Kf8 23. fxg3 Ng5 24. Ne5 1-0

[Event "European Youth Chess Championship B12"]
[Site "Prague, Top Hotel Prague"]
[Date "2012.08.18"]
[Round "2.47"]
[White "Skripka, Nikita"]
[Black "Filip, Tomas"]
[Result "1-0"]
[WhiteElo "1916"]
[BlackElo "1565"]
[PlyCount "31"]
[EventDate "2012.08.17"]

1. e4 e6 2. d4 d5 3. Nc3 Nf6 4. Bg5 Be7 5. e5 Nfd7 6. h4 Bxg5 7. hxg5 Qxg5 8.
Nh3 Qe7 9. Qg4 f5 10. Qh5+ g6 11. Qh6 a6 12. Nf4 Nf8 13. O-O-O Bd7 14. Nfxd5
exd5 15. Nxd5 Qd8 16. Qg7 1-0

[Event "European Youth Chess Championship B12"]
[Site "Prague, Top Hotel Prague"]
[Date "2012.08.18"]
[Round "2.48"]
[White "Wyczling, Bartosz"]
[Black "Nguyen, Nam-Khang"]
[Result "0-1"]
[WhiteElo "1616"]
[BlackElo "1907"]
[PlyCount "106"]
[EventDate "2012.08.17"]

1. d4 d5 2. c4 Nc6 3. Nf3 Bg4 4. a3 dxc4 5. e3 e5 6. d5 e4 7. dxc6 Qxd1+ 8.
Kxd1 exf3 9. Ke1 Rd8 10. g3 b5 11. Nd2 Nf6 12. h3 Bf5 13. Nxf3 Be4 14. Be2 Bc5
15. Bd2 O-O 16. Rg1 Rd6 17. Ba5 Nd5 18. Nd4 Bxd4 19. exd4 Re8 20. Kd2 Nb6 21.
Bc3 Bxc6 22. Rae1 Bd7 23. Bg4 Rxe1 24. Rxe1 f5 25. Bf3 Na4 26. Re5 Nxc3 27.
Kxc3 Kf8 28. Rc5 c6 29. Re5 a5 30. Be2 g6 31. Bf3 Kf7 32. Re1 Re6 33. Rd1 Rd6
34. Re1 Kf6 35. h4 Be6 36. Rd1 Bd5 37. Bxd5 cxd5 38. Kd2 g5 39. Rh1 h6 40. f3
Re6 41. Ra1 g4 42. fxg4 fxg4 43. Rf1+ Kg7 44. Rf4 Re4 45. Rxe4 dxe4 46. Kc3 e3
47. d5 Kf6 48. a4 b4+ 49. Kxc4 e2 50. Kc5 e1=Q 51. Kc6 Qxg3 52. d6 Qd3 53. d7
g3 0-1

[Event "European Youth Chess Championship B12"]
[Site "Prague, Top Hotel Prague"]
[Date "2012.08.18"]
[Round "2.49"]
[White "Konaplev, Anton"]
[Black "De Ridder, Thibaut"]
[Result "1-0"]
[WhiteElo "1887"]
[BlackElo "1538"]
[PlyCount "49"]
[EventDate "2012.08.17"]

1. e4 c5 2. Nf3 d6 3. d4 cxd4 4. Nxd4 Nf6 5. f3 a6 6. c4 e6 7. Nc3 Be7 8. Be3
Nbd7 9. Be2 Qc7 10. Rc1 Ne5 11. O-O O-O 12. Qd2 Nxc4 13. Bxc4 Qxc4 14. Nd5 Qxa2
15. Nxe7+ Kh8 16. Ra1 Qc4 17. Rfc1 Qxc1+ 18. Rxc1 Bd7 19. Rc7 Rfe8 20. Bg5 Rxe7
21. Bxf6 gxf6 22. Qf4 Kg7 23. Qxd6 Ree8 24. Qxd7 Rf8 25. Nxe6+ 1-0